000 00971nam a2200301 i 4500
003 EG-GICUC
005 20260125170213.0
008 260125s1954 fr ||fr|||| 001 0 fre d
040 _aEG-GiCUC
_bfre
_cEG-GiCUC
_dEG-GiCUC
_eRda
041 0 _afre
082 0 4 _221
_a341
_bDI . E
092 0 4 _221
099 _aLaw1 12 341 DI . E 1954
100 1 _aDiamond, A. S
_eAuteur
245 1 2 _aL'évolution De La Loi Et De L'ordre /
_cA. S. Diamond; Traduction De Jacques David.
264 1 _aParis :
_bPayot,
_c1954.
300 _a372 page,
_c 24 cm.
336 _2rda contenu
_a texte
337 _2rda medias
_aOrdinateur
338 _2 transporteur rda
_a Ressource en ligne
504 _acomprend des références bibliographiques
546 _aTexte en français
650 1 4 _aDroit international public
700 1 _aDavid, Jacques
_eTraducteur
856 4 0 _uhttps://fll.law.cu.edu.eg/fulltext/bks/B12-02114.pdf
905 _a48
942 _2ddc
_cBK
_e21
_n0
999 _c59314
_d59314